[Event "Ghent op-B 44th"]
[Site "Ghent"]
[Date "2023.07.18"]
[Round "8"]
[White "Decker, Nils"]
[Black "Dreelinck, Adriaan"]
[Result "0-1"]
[WhiteElo "2109"]
[BlackElo "2214"]
[PlyCount "44"]
[EventDate "2023.07.11"]
[EventType "swiss"]
[EventRounds "9"]
[EventCountry "BEL"]
[SourceTitle "EXT 2024"]
[Source "ChessBase"]
[SourceDate "2023.10.10"]
[SourceVersion "1"]
[SourceVersionDate "2023.10.10"]
[SourceQuality "1"]

1. e4 e6 2. d4 d5 3. Nc3 Nf6 4. e5 Nfd7 5. Nce2 c5 6. c3 Nc6 7. f4 Qb6 8. Nf3 f6 9. a3 Be7 10. g3 0-0 11. Bh3 cxd4 12. Bxe6+ Kh8 13. exf6 Bxf6 14. cxd4 Re8 15. Bxd7 Bxd7 16. Ne5 Bxe5 17. dxe5 Nxe5 18. fxe5 Rxe5 19. Bf4 Re4 20. Qxd5 Bc6 21. Qg5 Qxb2 22. Qh5 Qxa1+ 0-1

[Event "GER-chT Online Liga 1 GpB"]
[Site "Playchess.com INT"]
[Date "2021.01.22"]
[Round "1.3"]
[White "Faldum, Manfred"]
[Black "Decker, Nils"]
[Result "0-1"]
[WhiteElo "2052"]
[BlackElo "2105"]
[PlyCount "78"]
[EventDate "2021.01.18"]
[EventType "team-tourn (rapid)"]
[EventRounds "7"]
[EventCountry "GER"]
[SourceTitle "CBM 200 Extra"]
[Source "ChessBase"]
[SourceDate "2021.03.31"]
[SourceVersion "1"]
[SourceVersionDate "2021.03.31"]
[SourceQuality "1"]
[WhiteTeam "Heidesheim"]
[BlackTeam "Spandau Zitadelle"]
[WhiteTeamCountry "GER"]
[BlackTeamCountry "GER"]

1. Nf3 d5 2. g3 c5 3. Bg2 Nc6 4. 0-0 e5 5. d3 Nf6 6. c4 d4 7. b4 cxb4 8. a3 a5 9. axb4 Bxb4 10. Ba3 Nd7 11. Bxb4 Nxb4 12. Na3 0-0 13. Qd2 Ra6 14. Rfb1 Qe7 15. Nb5 Nc5 16. Ra3 Nc6 17. Qa2 a4 18. Nd2 f5 19. e3 Rd8 20. Bd5+ Kh8 21. exd4 Nxd4 22. Nxd4 exd4 23. Nf3 Qf6 24. Rb5 b6 25. Qb2 Bd7 26. Rb4 Re8 27. Kg2 Qh6 28. h4 f4 29. Ng5 Rf8 30. Qxd4 Qd6 31. Qb2 Bc6 32. Ne4 Bxd5 33. cxd5 Qxd5 34. Rxb6 Nxd3 35. Rxd3 Rxb6 36. Qxb6 Qxd3 37. Ng5 f3+ 38. Kh2 h6 39. Qc5 Qf5 0-1

[Event "Arco op 42nd"]
[Site "Arco"]
[Date "2020.10.17"]
[Round "8.12"]
[White "Decker, Nils"]
[Black "Urh, Zala"]
[Result "1/2-1/2"]
[WhiteElo "2080"]
[BlackElo "2195"]
[PlyCount "99"]
[EventDate "2020.10.10"]
[EventType "swiss"]
[EventRounds "9"]
[EventCountry "ITA"]
[SourceTitle "CBM 198 Extra"]
[Source "ChessBase"]
[SourceDate "2020.11.30"]
[SourceVersion "1"]
[SourceVersionDate "2020.11.30"]
[SourceQuality "1"]

1. e4 c5 2. Nc3 Nc6 3. Bb5 Nd4 4. Nf3 a6 5. Bc4 e6 6. a4 Nf6 7. d3 d5 8. Ba2 Nxf3+ 9. Qxf3 d4 10. e5 dxc3 11. exf6 Qxf6 12. Qxf6 gxf6 13. bxc3 Bd7 14. Bc4 Bc6 15. f3 Bd6 16. Be3 Ke7 17. d4 Rhg8 18. Kf2 Rg7 19. g3 h5 20. Rhg1 Rh8 21. h4 e5 22. dxe5 fxe5 23. Rad1 Bxa4 24. Bg5+ Rxg5 25. hxg5 Bxc2 26. Rd2 Bf5 27. Bxf7 c4 28. Rxd6 Kxd6 29. g6 Rc8 30. Rh1 Be6 31. Bxe6 Kxe6 32. Rxh5 Kf6 33. Rh7 Rb8 34. Rc7 Kxg6 35. Rxc4 Kf6 36. Ke3 a5 37. Ke4 Ra8 38. Kd5 a4 39. Rb4 a3 40. Rb6+ Kf5 41. Rb1 a2 42. Ra1 Rd8+ 43. Kc4 Rd2 44. Kb3 Rf2 45. Rxa2 Rxf3 46. Rg2 e4 47. Kc2 Rd3 48. Rf2+ Ke5 49. Rg2 Rd7 50. Re2 1/2-1/2

[Event "Arco op 42nd"]
[Site "Arco"]
[Date "2020.10.10"]
[Round "1.27"]
[White "Calcari, Manuel"]
[Black "Decker, Nils"]
[Result "0-1"]
[WhiteElo "1721"]
[BlackElo "2080"]
[PlyCount "64"]
[EventDate "2020.10.10"]
[EventType "swiss"]
[EventRounds "9"]
[EventCountry "ITA"]
[SourceTitle "CBM 198 Extra"]
[Source "ChessBase"]
[SourceDate "2020.11.30"]
[SourceVersion "1"]
[SourceVersionDate "2020.11.30"]
[SourceQuality "1"]

1. e4 e6 2. Nf3 d5 3. exd5 exd5 4. d4 Nf6 5. h3 Bd6 6. Bd3 Qe7+ 7. Be3 Nc6 8. 0-0 h6 9. Re1 Be6 10. Bb5 Nd7 11. Nc3 0-0-0 12. Nxd5 Bxd5 13. Bg5 Bxf3 14. Bxc6 Bxd1 15. Bxe7 Bxe7 16. Rxe7 Bxc2 17. Bb5 Bg6 18. Rc1 a6 19. Ba4 b5 20. Bb3 Rde8 21. Rce1 Rxe7 22. Rxe7 Kd8 23. Re3 Re8 24. Bd5 c5 25. Rxe8+ Kxe8 26. dxc5 Nxc5 27. b4 Be4 28. Bxf7+ Kxf7 29. bxc5 b4 30. f3 Bd5 31. Kf2 Bxa2 32. Ke2 b3 0-1

[Event "Biel HTO 53rd"]
[Site "Biel"]
[Date "2020.07.26"]
[Round "6"]
[White "Decker, Nils"]
[Black "Bellahcene, Bilel"]
[Result "0-1"]
[WhiteElo "2047"]
[BlackElo "2502"]
[PlyCount "58"]
[EventDate "2020.07.20"]
[EventType "swiss"]
[EventRounds "9"]
[EventCountry "SUI"]
[SourceTitle "CBM 197"]
[Source "ChessBase"]
[SourceDate "2020.07.27"]
[SourceVersion "1"]
[SourceVersionDate "2020.07.27"]
[SourceQuality "1"]

1. e4 c5 2. Nf3 d6 3. d4 cxd4 4. Nxd4 Nf6 5. Nc3 a6 6. h3 e5 7. Nb3 Be6 8. f4 Nbd7 9. f5 Bxb3 10. axb3 d5 11. Nxd5 Nxd5 12. Qxd5 Qh4+ 13. Kd1 0-0-0 14. Bd3 Nc5 15. Qxf7 Qxe4 16. Re1 Qxg2 17. Bd2 Bd6 18. b4 Nxd3 19. cxd3 Qf3+ 20. Kc2 Kb8 21. Rad1 Rhg8 22. Re3 Rc8+ 23. Qc4 Qxf5 24. Kb3 Rxc4 25. dxc4 Qe6 26. Bc3 Bc7 27. Rd5 e4 28. Rd4 Re8 29. Kc2 Bf4 0-1

[Event "DSOL 08 Liga Gr-B 1st"]
[Site "Playchess.com INT"]
[Date "2020.07.24"]
[Round "5.2"]
[White "Schween, Michael"]
[Black "Decker, Nils"]
[Result "0-1"]
[WhiteElo "946"]
[BlackElo "1171"]
[PlyCount "98"]
[EventDate "2020.06.22"]
[EventType "team-tourn (rapid)"]
[EventCountry "GER"]
[SourceTitle "EXT 2021"]
[Source "ChessBase"]
[SourceDate "2020.10.23"]
[SourceVersion "1"]
[SourceVersionDate "2020.10.23"]
[SourceQuality "1"]
[WhiteTeam "Gross Gerau II"]
[BlackTeam "Gryps SV"]
[WhiteTeamCountry "GER"]
[BlackTeamCountry "GER"]

1. c4 e5 2. Nc3 Nf6 3. e4 Nc6 4. g3 Bc5 5. Bg2 Ng4 6. Qe2 Nxf2 7. Nf3 Nxh1 8. Bxh1 d6 9. d3 Bg4 10. Be3 Qd7 11. Qd2 0-0-0 12. 0-0-0 Bxf3 13. Bxf3 Bxe3 14. Qxe3 Kb8 15. Nb5 Rhe8 16. Kb1 a6 17. Nc3 Qe6 18. Nd5 Qh6 19. Qf2 Nd4 20. Bg4 Qg6 21. h3 h5 22. Bf5 Nxf5 23. exf5 Qg5 24. f6 g6 25. h4 Qg4 26. Re1 c6 27. Ne3 Qd4 28. Qc2 Re6 29. Nd5 cxd5 30. cxd5 Rxf6 31. Rc1 Qb6 32. a3 Rf3 33. Qc4 Rxg3 34. Qb4 Qxb4 35. axb4 Rxd3 36. Rf1 Rf8 37. Rf6 Kc7 38. Kc2 Rxd5 39. Kc3 e4 40. Kc4 Kc6 41. b3 e3 42. Rf1 e2 43. Re1 Re8 44. Kc3 Rd1 45. Rxd1 exd1Q 46. b5+ Kxb5 47. b4 Re3+ 48. Kb2 Qd2+ 49. Kb1 Re1# 0-1

[Event "Biel HTO 53rd"]
[Site "Biel"]
[Date "2020.07.23"]
[Round "4"]
[White "Karsay, Pascal"]
[Black "Decker, Nils"]
[Result "0-1"]
[WhiteElo "2304"]
[BlackElo "2047"]
[PlyCount "112"]
[EventDate "2020.07.20"]
[EventType "swiss"]
[EventRounds "9"]
[EventCountry "SUI"]
[SourceTitle "CBM 197"]
[Source "ChessBase"]
[SourceDate "2020.07.27"]
[SourceVersion "1"]
[SourceVersionDate "2020.07.27"]
[SourceQuality "1"]

1. c4 e5 2. Nc3 Nf6 3. Nf3 e4 4. Ng5 b5 5. Ngxe4 bxc4 6. e3 Nxe4 7. Nxe4 d5 8. Nc3 c6 9. d3 cxd3 10. Bxd3 Nd7 11. 0-0 Ne5 12. Be2 h5 13. Qd4 Qf6 14. Rd1 Rb8 15. a3 h4 16. e4 h3 17. exd5 c5 18. Qf4 hxg2 19. Bb5+ Rxb5 20. Nxb5 Nf3+ 21. Kxg2 Rxh2+ 22. Kxf3 Bg4+ 23. Kxg4 Qh4+ 24. Kf3 Rxf2+ 25. Ke4 Qe7+ 26. Qe5 Re2+ 27. Be3 Rxe3+ 28. Kxe3 Qxe5+ 29. Kd3 Qxd5+ 30. Kc3 Qe5+ 31. Kc4 Be7 32. Nc3 Qe6+ 33. Rd5 Qg4+ 34. Kb5 Qg2 35. Re1 Qxb2+ 36. Kc4 f6 37. Rxc5 Qf2 38. Rc8+ Kd7 39. Rc7+ Kxc7 40. Rxe7+ Kc6 41. Rxg7 a6 42. Rf7 Qf5 43. Rg7 Qh5 44. Kb3 f5 45. Ra7 Kb6 46. Rd7 Qf3 47. Rf7 Kc5 48. Kc2 f4 49. Rf6 Kc4 50. Nb1 Qb3+ 51. Kc1 Kd3 52. Rd6+ Ke3 53. Rc6 Kd3 54. Rd6+ Ke2 55. Rd2+ Ke1 56. Rb2 Qd1# 0-1

[Event "Vellmar op 11th"]
[Site "Vellmar"]
[Date "2019.07.06"]
[Round "5"]
[White "Reinhardt, Johannes"]
[Black "Decker, Nils"]
[Result "1/2-1/2"]
[WhiteElo "1838"]
[BlackElo "2038"]
[PlyCount "66"]
[EventDate "2019.07.04"]
[EventType "swiss"]
[EventRounds "7"]
[EventCountry "GER"]
[SourceTitle "CBM 191 Extra"]
[Source "ChessBase"]
[SourceDate "2019.09.30"]
[SourceVersion "1"]
[SourceVersionDate "2019.09.30"]
[SourceQuality "1"]

1. Nf3 d5 2. c4 e6 3. d4 Nf6 4. Nc3 dxc4 5. e3 a6 6. a4 b6 7. Bxc4 Bb7 8. 0-0 Nbd7 9. Qe2 Bb4 10. Nd2 0-0 11. e4 e5 12. d5 Qe7 13. Nf3 Nc5 14. Bg5 h6 15. Bxf6 Qxf6 16. Na2 a5 17. Nxb4 axb4 18. b3 Ra5 19. Nd2 c6 20. dxc6 Bxc6 21. Qe3 Rd8 22. Rad1 Qd6 23. Be2 Raa8 24. Nc4 Qc7 25. a5 Bxe4 26. axb6 Qc6 27. Nxe5 Qxb6 28. Bc4 Rf8 29. Rd2 Qc7 30. f4 Bf5 31. Rc1 Rac8 32. Bd5 Qe7 33. Re1 Qc7 1/2-1/2

[Event "Mecklenburg VP-ch op"]
[Site "Greifswald"]
[Date "2019.04.13"]
[Round "2.10"]
[White "Langbein, Wolfgang"]
[Black "Decker, Nils"]
[Result "1-0"]
[WhiteElo "1319"]
[BlackElo "2038"]
[PlyCount "65"]
[EventDate "2019.04.13"]
[EventType "swiss"]
[EventRounds "7"]
[EventCountry "GER"]
[SourceTitle "EXT 2023"]
[Source "ChessBase"]
[SourceDate "2022.10.05"]
[SourceVersion "1"]
[SourceVersionDate "2022.10.05"]
[SourceQuality "1"]

1. d4 Nf6 2. c4 e6 3. a3 d5 4. cxd5 Nxd5 5. e4 Nf6 6. Nc3 Nc6 7. Bb5 a6 8. Bxc6+ bxc6 9. Bg5 Be7 10. Be3 Rb8 11. Qc2 0-0 12. h3 h6 13. Nf3 Bd7 14. 0-0 Rb7 15. Rfd1 Qb8 16. Rab1 Rd8 17. Ne5 Be8 18. Rdc1 Rd6 19. Nc4 Rd8 20. b4 Qa8 21. Na5 Rb6 22. d5 Rbb8 23. dxe6 fxe6 24. Ne2 Rb6 25. Bxb6 cxb6 26. Nxc6 Rc8 27. Nxe7+ Kf7 28. Nxc8 Nxe4 29. Qc7+ Kg8 30. Rd1 Nf6 31. Rbc1 Qe4 32. Qc4 Qg6 33. Ne7+ 1-0

[Event "Wroclaw op"]
[Site "Wroclaw"]
[Date "2017.08.14"]
[Round "7"]
[White "Decker, Nils"]
[Black "Zagema, Jan Sybren"]
[Result "1-0"]
[WhiteElo "2034"]
[BlackElo "1878"]
[PlyCount "53"]
[EventDate "2017.08.10"]
[EventType "swiss"]
[EventRounds "9"]
[EventCountry "POL"]
[SourceTitle "CBM 180 Extra"]
[Source "ChessBase"]
[SourceDate "2017.10.06"]
[SourceVersion "1"]
[SourceVersionDate "2017.10.06"]
[SourceQuality "1"]

1. d4 Nf6 2. c4 g6 3. Nc3 Bg7 4. e4 d6 5. Nf3 0-0 6. Be2 e5 7. 0-0 Nc6 8. d5 Ne7 9. Qc2 Ne8 10. Rd1 f5 11. Ng5 Rf6 12. c5 h6 13. Ne6 Bxe6 14. dxe6 Qc8 15. Bc4 a6 16. b4 Kh8 17. Bb2 f4 18. Qb3 dxc5 19. Rd7 Nc6 20. Nd5 b5 21. Nxf6 bxc4 22. Qa4 Nxf6 23. Qxc6 Nxd7 24. exd7 Qd8 25. bxc5 Rb8 26. Bc3 Qf6 27. Qxc7 1-0

[Event "Wroclaw op"]
[Site "Wroclaw"]
[Date "2017.08.12"]
[Round "5"]
[White "Decker, Nils"]
[Black "Fuchs, Dominik"]
[Result "1-0"]
[WhiteElo "2034"]
[BlackElo "1865"]
[PlyCount "73"]
[EventDate "2017.08.10"]
[EventType "swiss"]
[EventRounds "9"]
[EventCountry "POL"]
[SourceTitle "CBM 180 Extra"]
[Source "ChessBase"]
[SourceDate "2017.10.06"]
[SourceVersion "1"]
[SourceVersionDate "2017.10.06"]
[SourceQuality "1"]

1. d4 Nf6 2. c4 c5 3. d5 e6 4. Nc3 exd5 5. cxd5 d6 6. Nf3 g6 7. h3 a6 8. a4 Qe7 9. Bf4 Bg7 10. e3 0-0 11. Be2 Nbd7 12. 0-0 Ne8 13. a5 Ne5 14. Nd2 f5 15. Bg3 g5 16. f4 Ng6 17. Nc4 h6 18. Qd3 Bd7 19. Bh5 Qf6 20. Nb6 Rd8 21. Kh2 Nc7 22. Rf2 Bb5 23. Nxb5 axb5 24. fxg5 Qxg5 25. Bxg6 Qxg6 26. Raf1 c4 27. Qc2 Qe8 28. Bh4 Rb8 29. Rxf5 Rxf5 30. Qxf5 Bxb2 31. Nd7 Be5+ 32. Bg3 Nxd5 33. Bxe5 dxe5 34. Qg4+ Kh7 35. Qe4+ Kg7 36. Nxb8 Qe6 37. Rd1 1-0

[Event "Mecklenburg VP U10"]
[Site "Malchow"]
[Date "2016.02.04"]
[Round "2.6"]
[White "Ladwig, Jazz"]
[Black "Decker, Nils"]
[Result "0-1"]
[WhiteElo "860"]
[BlackElo "725"]
[PlyCount "66"]
[EventDate "2016.02.02"]
[EventType "swiss"]
[EventRounds "7"]
[EventCountry "GER"]
[SourceTitle "EXT 2024"]
[Source "ChessBase"]
[SourceDate "2023.10.10"]
[SourceVersion "1"]
[SourceVersionDate "2023.10.10"]
[SourceQuality "1"]

1. e4 e5 2. Nf3 Nc6 3. Nc3 Nf6 4. d4 d6 5. Bb5 Bg4 6. d5 Bd7 7. Bg5 Be7 8. 0-0 0-0 9. dxc6 bxc6 10. Be2 Rb8 11. Rb1 Bg4 12. h3 Bxf3 13. Bxf3 d5 14. Bh5 Nxh5 15. Bxe7 Qxe7 16. Qxh5 d4 17. Nd1 Qf6 18. b3 c5 19. Nb2 Qf4 20. Nd3 Qxe4 21. Rfe1 Qd5 22. Nxe5 f6 23. c4 Qd6 24. Nf3 d3 25. Re4 f5 26. Rh4 h6 27. Re1 Rb6 28. Ne5 Ra6 29. Re3 Rxa2 30. Rxd3 Ra1+ 31. Kh2 Qxe5+ 32. g3 Qe1 33. g4 Qg1# 0-1

[Event "Mecklenburg VP U10"]
[Site "Malchow"]
[Date "2016.02.02"]
[Round "1.4"]
[White "Decker, Nils"]
[Black "Pham, Anh Tuan"]
[Result "0-1"]
[WhiteElo "725"]
[BlackElo "977"]
[PlyCount "54"]
[EventDate "2016.02.02"]
[EventType "swiss"]
[EventRounds "7"]
[EventCountry "GER"]
[SourceTitle "EXT 2024"]
[Source "ChessBase"]
[SourceDate "2023.10.10"]
[SourceVersion "1"]
[SourceVersionDate "2023.10.10"]
[SourceQuality "1"]

1. e4 e5 2. Bc4 Nf6 3. Nc3 Bb4 4. Bb3 0-0 5. Nf3 Nc6 6. 0-0 Bxc3 7. dxc3 Nxe4 8. Nh4 d6 9. Qf3 Qxh4 10. Be3 Be6 11. Bxe6 fxe6 12. Qh3 Qxh3 13. gxh3 Rf3 14. Kh1 Rxh3 15. Rg1 Rf8 16. Rg2 Rhf3 17. Rag1 Nxf2+ 18. Bxf2 Rxf2 19. Rxf2 Rxf2 20. b4 Rxc2 21. Rg2 Rxc3 22. b5 Rc1+ 23. Rg1 Rxg1+ 24. Kxg1 Nb4 25. a3 Nc2 26. a4 c5 27. bxc6 bxc6 0-1

[Event "Berlin Spring op-A"]
[Site "Berlin"]
[Date "2014.05.04"]
[Round "7"]
[White "Decker, Nils"]
[Black "Silz, Elisa"]
[Result "0-1"]
[WhiteElo "1982"]
[BlackElo "1940"]
[PlyCount "58"]
[EventDate "2014.05.01"]
[EventType "swiss"]
[EventRounds "7"]
[EventCountry "GER"]
[SourceTitle "CBM 160 Extra"]
[Source "ChessBase"]
[SourceDate "2014.07.01"]
[SourceVersion "1"]
[SourceVersionDate "2014.07.01"]
[SourceQuality "1"]

1. d4 Nf6 2. Nf3 g6 3. g3 Bg7 4. Bg2 0-0 5. 0-0 d6 6. c4 Nbd7 7. Nc3 e5 8. e4 exd4 9. Nxd4 Re8 10. Re1 Nb6 11. c5 dxc5 12. Ndb5 Nfd7 13. Nd5 Nxd5 14. exd5 Rxe1+ 15. Qxe1 a6 16. Nxc7 Qxc7 17. Qe8+ Nf8 18. Bf4 Qd7 19. Re1 b6 20. Qe7 Qxe7 21. Rxe7 Bd7 22. Bc7 b5 23. d6 Re8 24. Bb7 Rxe7 25. dxe7 Ne6 26. Bd8 Bxb2 27. Bc8 Be8 28. Kf1 c4 29. Bxe6 fxe6 0-1

[Event "Berlin Spring op-A"]
[Site "Berlin"]
[Date "2014.05.02"]
[Round "4"]
[White "Poghosyan, Tigran"]
[Black "Decker, Nils"]
[Result "1-0"]
[WhiteElo "2035"]
[BlackElo "1982"]
[PlyCount "139"]
[EventDate "2014.05.01"]
[EventType "swiss"]
[EventRounds "7"]
[EventCountry "GER"]
[SourceTitle "CBM 160 Extra"]
[Source "ChessBase"]
[SourceDate "2014.07.01"]
[SourceVersion "1"]
[SourceVersionDate "2014.07.01"]
[SourceQuality "1"]

1. e4 c5 2. Nf3 Nc6 3. d4 cxd4 4. Nxd4 g6 5. c4 Bg7 6. Be3 Nf6 7. Nc3 Ng4 8. Qxg4 Nxd4 9. Qd1 Ne6 10. Be2 Qa5 11. Qd2 b6 12. 0-0 Bb7 13. f3 h5 14. Rfd1 d6 15. Nb5 Qxd2 16. Rxd2 h4 17. Rb1 h3 18. g3 f5 19. exf5 gxf5 20. c5 bxc5 21. Bc4 Bd4 22. Bxd4 Nxd4 23. Nxd4 cxd4 24. Rxd4 Bxf3 25. Rf1 e5 26. Rxd6 e4 27. Kf2 Ke7 28. Re6+ Kd7 29. Re5 Rad8 30. Rxf5 Kc7 31. Ke3 Rh6 32. Rd5 Rhd6 33. Rxd6 Kxd6 34. Be2 Bxe2 35. Kxe2 Ke5 36. Rc1 Rd7 37. Ke3 Rd3+ 38. Ke2 Rd7 39. Rc2 Rf7 40. Rc5+ Kd4 41. Rc3 Rb7 42. Rb3 Rc7 43. Kd2 Rf7 44. Rb4+ Kd5 45. Ke3 Rf3+ 46. Ke2 a6 47. Rb3 Rf6 48. g4 Rg6 49. Rg3 Kd4 50. g5 Rc6 51. Kd2 Rg6 52. Rg4 a5 53. b3 a4 54. b4 a3 55. b5 Ke5 56. Ke3 Kf5 57. Rg3 Rd6 58. g6 Rd3+ 59. Kf2 Rd2+ 60. Kf1 Rxa2 61. g7 Ra1+ 62. Kf2 a2 63. Rg5+ Kf4 64. Rg4+ Kf5 65. g8Q Rf1+ 66. Kg3 Rf3+ 67. Kh4 a1Q 68. Qg6+ Ke5 69. Rxe4+ Kd5 70. Qc6# 1-0

[Event "Dresden ZMD op"]
[Site "Dresden"]
[Date "2007.07.25"]
[Round "5"]
[White "Gerstner, Bernhard"]
[Black "Decker, Nils"]
[Result "1-0"]
[WhiteElo "2145"]
[BlackElo "1991"]
[PlyCount "91"]
[EventDate "2007.07.21"]
[EventType "swiss"]
[EventRounds "9"]
[EventCountry "GER"]
[SourceTitle "EXT 2008"]
[Source "ChessBase"]
[SourceDate "2007.11.25"]
[SourceVersion "1"]
[SourceVersionDate "2007.11.25"]
[SourceQuality "1"]

1. e4 c5 2. Nf3 g6 3. d4 cxd4 4. Nxd4 Nc6 5. c4 Bg7 6. Be3 Nf6 7. Nc3 0-0 8. Be2 d6 9. f3 Bd7 10. 0-0 a5 11. Ndb5 Be6 12. Qd2 a4 13. Nd5 Nd7 14. Rab1 Qa5 15. Qxa5 Rxa5 16. Ndc7 Nde5 17. Rfc1 Bd7 18. c5 Be6 19. Nxe6 fxe6 20. cxd6 exd6 21. Nxd6 Rb8 22. Bb6 Raa8 23. f4 Nf7 24. Rd1 Bd4+ 25. Bxd4 Nxd6 26. Be5 Nxe5 27. Rxd6 Nc6 28. Bc4 Nd8 29. Rbd1 Rc8 30. b3 a3 31. Rd7 Rab8 32. Kf2 Kf8 33. R1d2 h6 34. e5 Ke8 35. Rg7 b5 36. Bd3 g5 37. fxg5 hxg5 38. Bg6+ Kf8 39. Rdd7 Rc3 40. Rh7 Kg8 41. Rdg7+ Kf8 42. Re7 Nc6 43. Rxe6 Rd8 44. Rc7 Rxb3 45. Rf6+ Kg8 46. Bf7+ 1-0

[Event "GER-ch U18"]
[Site "Willingen"]
[Date "2006.06.05"]
[Round "4"]
[White "Beller, Julian"]
[Black "Decker, Nils"]
[Result "1/2-1/2"]
[WhiteElo "2108"]
[BlackElo "2001"]
[PlyCount "82"]
[EventDate "2006.06.03"]
[EventType "swiss"]
[EventRounds "9"]
[EventCountry "GER"]
[SourceTitle "EXT 2007"]
[Source "ChessBase"]
[SourceDate "2006.11.23"]
[SourceVersion "1"]
[SourceVersionDate "2006.11.23"]
[SourceQuality "1"]

1. e4 c5 2. Nc3 Nc6 3. g3 g6 4. Bg2 Bg7 5. f4 e6 6. d3 d6 7. Nf3 Nge7 8. 0-0 0-0 9. Be3 Nd4 10. e5 Nef5 11. Bf2 Nxf3+ 12. Qxf3 Nd4 13. Qd1 dxe5 14. fxe5 Rb8 15. Ne4 b6 16. c3 Nf5 17. Nf6+ Kh8 18. g4 Ne7 19. Qf3 Nd5 20. Qh3 Nxf6 21. Bh4 Rg8 22. Rae1 Qe8 23. Bxf6 Bxf6 24. exf6 Bb7 25. Bxb7 Rxb7 26. g5 h5 27. Rf4 Kh7 28. Rh4 Rh8 29. d4 cxd4 30. Qd3 Kg8 31. Rxd4 Kh7 32. Rd1 Qc6 33. Kf2 Qc5 34. Qe3 Rhb8 35. h4 Qf5+ 36. Qf3 Qc5 37. Kg2 Qb5 38. b3 Qe8 39. c4 Rc7 40. Qd3 Qc6+ 41. Kh3 a6 1/2-1/2

[Event "GER-ch U18"]
[Site "Willingen"]
[Date "2006.06.04"]
[Round "3"]
[White "Decker, Nils"]
[Black "Siebarth, Raiko"]
[Result "1/2-1/2"]
[WhiteElo "2001"]
[BlackElo "2188"]
[PlyCount "84"]
[EventDate "2006.06.03"]
[EventType "swiss"]
[EventRounds "9"]
[EventCountry "GER"]
[SourceTitle "EXT 2007"]
[Source "ChessBase"]
[SourceDate "2006.11.23"]
[SourceVersion "1"]
[SourceVersionDate "2006.11.23"]
[SourceQuality "1"]

1. e4 c5 2. Nf3 d6 3. c3 Nf6 4. Be2 e6 5. 0-0 Be7 6. Re1 0-0 7. d3 b6 8. Nbd2 Bb7 9. Bf1 Nbd7 10. d4 cxd4 11. cxd4 d5 12. e5 Ne4 13. Nxe4 dxe4 14. Nd2 f5 15. Bc4 Bd5 16. Bxd5 exd5 17. Nf1 Nb8 18. Qa4 Qc8 19. Ne3 Qe6 20. Qb3 Rd8 21. Bd2 Nc6 22. Nc2 Na5 23. Qh3 Nc4 24. Bc3 Rac8 25. Ne3 g6 26. Nxc4 dxc4 27. Rxe4 Qd5 28. Ree1 b5 29. a3 Rc6 30. Qf3 Qxf3 31. gxf3 Re6 32. Rad1 Rd5 33. Kf1 Bd8 34. Rc1 Kf7 35. Red1 Bg5 36. Ra1 Rb6 37. Bb4 Bf4 38. h3 a6 39. Ke2 Ke6 40. Bc3 Rb7 41. Bb4 Rbd7 42. Bc3 Rb7 1/2-1/2

[Event "GER-ch U18"]
[Site "Willingen"]
[Date "2006.06.03"]
[Round "1"]
[White "Decker, Nils"]
[Black "Hirneise, Tobias"]
[Result "0-1"]
[WhiteElo "2001"]
[BlackElo "2210"]
[PlyCount "54"]
[EventDate "2006.06.03"]
[EventType "swiss"]
[EventRounds "9"]
[EventCountry "GER"]
[SourceTitle "EXT 2007"]
[Source "ChessBase"]
[SourceDate "2006.11.23"]
[SourceVersion "1"]
[SourceVersionDate "2006.11.23"]
[SourceQuality "1"]

1. e4 c5 2. Nf3 e6 3. d4 cxd4 4. Nxd4 a6 5. Nb3 Qc7 6. c4 Nf6 7. Nc3 Bb4 8. f3 d5 9. cxd5 exd5 10. Bd2 dxe4 11. Rc1 e3 12. Bxe3 0-0 13. Nd2 Qe7 14. Nde4 Nxe4 15. fxe4 Qxe4 16. Qd2 Qe5 17. Be2 Nc6 18. 0-0 Rd8 19. Bd3 Be6 20. Qe2 Bg4 21. Qd2 Qd6 22. Bxh7+ Kxh7 23. Qf2 Qg6 24. a3 Be7 25. Qf4 Bd6 26. Qf2 Ne5 27. Ne4 Qxe4 0-1

[Event "Berlin-ch U18"]
[Site "Berlin"]
[Date "2006.02.03"]
[Round "6.4"]
[White "Decker, Nils"]
[Black "Zur, Jan"]
[Result "1-0"]
[WhiteElo "2001"]
[BlackElo "1845"]
[PlyCount "97"]
[EventDate "2006.01.29"]
[EventType "swiss"]
[EventRounds "7"]
[EventCountry "GER"]
[SourceTitle "EXT 2022"]
[Source "ChessBase"]
[SourceDate "2021.10.06"]
[SourceVersion "1"]
[SourceVersionDate "2021.10.06"]
[SourceQuality "1"]

1. Nf3 d5 2. g3 c6 3. Bg2 Nf6 4. 0-0 Bf5 5. d4 Qb6 6. c4 e6 7. Nc3 dxc4 8. Re1 Bb4 9. Ne5 0-0 10. e4 Bg6 11. Nxc4 Qa6 12. Qb3 Be7 13. Bf1 b5 14. Ne5 Qb7 15. a4 b4 16. a5 c5 17. Nxg6 hxg6 18. d5 exd5 19. exd5 a6 20. Bf4 Qd7 21. Na4 Qxd5 22. Qxd5 Nxd5 23. Bg2 Nxf4 24. Bxa8 Ne6 25. Bd5 Nc7 26. Rxe7 Nxd5 27. Re5 Nc7 28. Rxc5 Nb5 29. Nb6 Nd4 30. Rc4 Rd8 31. Kg2 Nbc6 32. Rd1 f5 33. Nd7 Rxd7 34. Rxc6 Nxc6 35. Rxd7 Nxa5 36. Ra7 Nc4 37. b3 Nd2 38. Rxa6 Kf7 39. Rb6 Nxb3 40. Rxb4 Nc5 41. Kf3 Ne6 42. h4 g5 43. hxg5 Nxg5+ 44. Kf4 Kf6 45. Rb6+ Ne6+ 46. Rxe6+ Kxe6 47. Kg5 Ke5 48. f3 f4 49. g4 1-0

[Event "Berlin-ch U18"]
[Site "Berlin"]
[Date "2006.02.01"]
[Round "4.4"]
[White "Decker, Nils"]
[Black "Schirrmacher, Carsten"]
[Result "0-1"]
[WhiteElo "2001"]
[BlackElo "1915"]
[PlyCount "74"]
[EventDate "2006.01.29"]
[EventType "swiss"]
[EventRounds "7"]
[EventCountry "GER"]
[SourceTitle "EXT 2022"]
[Source "ChessBase"]
[SourceDate "2021.10.06"]
[SourceVersion "1"]
[SourceVersionDate "2021.10.06"]
[SourceQuality "1"]

1. e4 e5 2. Nf3 Nc6 3. Bc4 Nf6 4. Ng5 d5 5. exd5 Na5 6. Bb5+ c6 7. dxc6 bxc6 8. Be2 h6 9. Nf3 e4 10. Ne5 Bd6 11. f4 Qc7 12. 0-0 Bxe5 13. fxe5 Qxe5 14. d4 exd3 15. Bxd3 0-0 16. h3 Re8 17. Qf3 Be6 18. Nc3 Nc4 19. b3 Qd4+ 20. Kh1 Ne5 21. Qe3 Qxe3 22. Bxe3 Nxd3 23. cxd3 Rad8 24. Bxa7 Rxd3 25. Rac1 Nd5 26. Ne4 Ra8 27. Bg1 Rxa2 28. Rxc6 Rxb3 29. Bd4 Ne3 30. Rf2 Rb1+ 31. Kh2 Nf1+ 32. Rxf1 Rxf1 33. Nf2 Rfxf2 34. Bxf2 Rxf2 35. Rd6 Ra2 36. h4 Kf8 37. Rd4 Ke7 0-1

[Event "Berlin-ch U18"]
[Site "Berlin"]
[Date "2006.01.30"]
[Round "2.3"]
[White "Decker, Nils"]
[Black "Mai, Andreas"]
[Result "1-0"]
[WhiteElo "2001"]
[BlackElo "1730"]
[PlyCount "57"]
[EventDate "2006.01.29"]
[EventType "swiss"]
[EventRounds "7"]
[EventCountry "GER"]
[SourceTitle "EXT 2022"]
[Source "ChessBase"]
[SourceDate "2021.10.06"]
[SourceVersion "1"]
[SourceVersionDate "2021.10.06"]
[SourceQuality "1"]

1. Nf3 Nf6 2. g3 g6 3. Bg2 Bg7 4. d3 0-0 5. e4 d6 6. 0-0 Nc6 7. c3 e5 8. Nbd2 Ne7 9. a4 Ne8 10. d4 Bg4 11. h3 Bd7 12. Nc4 b5 13. axb5 Bxb5 14. Qb3 a6 15. Rd1 exd4 16. cxd4 Rb8 17. Qc2 Nc6 18. Bg5 Qc8 19. Rac1 Nb4 20. Qb3 d5 21. exd5 Nxd5 22. Nfe5 Nef6 23. Nd6 Qe6 24. Ndxf7 Be2 25. Qa2 Rxf7 26. Bxf6 Qxf6 27. Nxf7 Kxf7 28. Bxd5+ Kf8 29. Re1 1-0